Ábrahám Antalné dr. Rózsa Julianna elhunyt
Elmentve itt :
| Dokumentumtípus: | Cikk |
|---|---|
| Megjelent: |
1978-11-03
|
| Sorozat: | Délmagyarország
68 No. 260 |
| Kulcsszavak: | Ábrahám Antalné |
| Online Access: | http://dmarchiv.bibl.u-szeged.hu/90828 |
| LEADER | 00420nab a2200145 i 4500 | ||
|---|---|---|---|
| 001 | delm90828 | ||
| 005 | 20190513132452.0 | ||
| 008 | 190513s1978 hu o 0|| hun d | ||
| 040 | |a SZTE Délmagyarország Archívum |b hun | ||
| 041 | |a hun | ||
| 245 | 0 | 0 | |a Ábrahám Antalné dr. Rózsa Julianna elhunyt |h [elektronikus dokumentum] |
| 260 | |c 1978-11-03 | ||
| 300 | |a 7 | ||
| 490 | 0 | |a Délmagyarország |v 68 No. 260 | |
| 695 | |a Ábrahám Antalné | ||